A new kind of science (Record no. 4442)

000 -LEADER
fixed length control field 00451 a2200169 4500
020 ## - INTERNATIONAL STANDARD BOOK NUMBER
International Standard Book Number 1579550088
020 ## - INTERNATIONAL STANDARD BOOK NUMBER
International Standard Book Number 1579550088
040 ## - CATALOGING SOURCE
Original cataloging agency DLC
Language of cataloging DLC
082 00 - DEWEY DECIMAL CLASSIFICATION NUMBER
Classification number 500
100 1# - MAIN ENTRY--PERSONAL NAME
Personal name Wolfram, Stephen.
245 12 - TITLE STATEMENT
Title A new kind of science
Statement of responsibility, etc. Stephen Wolfram.
260 ## - PUBLICATION, DISTRIBUTION, ETC.
Place of publication, distribution, etc. Champaign, IL :
Name of publisher, distributor, etc. Wolfram Media,
Date of publication, distribution, etc. 2002
300 ## - PHYSICAL DESCRIPTION
Extent xiv, 1197 p. :
Other physical details ill. ;
Dimensions 25 cm.
650 #0 - SUBJECT ADDED ENTRY--TOPICAL TERM
Topical term or geographic name entry element Cellular automata.
650 #0 - SUBJECT ADDED ENTRY--TOPICAL TERM
Topical term or geographic name entry element Computational complexity.
942 ## - ADDED ENTRY ELEMENTS (KOHA)
Koha item type Book
Call number prefix 510 WOL
Source of classification or shelving scheme
Holdings
Withdrawn status Lost status Damaged status Not for loan Collection code Permanent Location Current Location Shelving location Date acquired Source of acquisition Cost, normal purchase price Total Checkouts Full call number Barcode Date last seen Date last checked out Price effective from Koha item type
          Central Library (CL) Central Library (CL) General Stacks 02/28/2005 Progressive International Agencies 2879.18 1 500 WOL SEECS005322 12/20/2018 02/02/2014 01/05/2017 Book
          Central Library (CL) Central Library (CL) General Stacks 04/18/2005 Progressive International Agencies 2879.18   500 WOL SEECS005578 11/14/2012   01/05/2017 Book
© 2023 Central Library, National University of Sciences and Technology. All Rights Reserved.